Faith to fight! : (Record no. 109909)
[ view plain ]
| 000 -LEADER | |
|---|---|
| fixed length control field | 00338nam a2200133 a 4500 |
| 001 - CONTROL NUMBER | |
| control field | 4140 |
| 005 - DATE AND TIME OF LATEST TRANSACTION | |
| control field | 20140414131845.0 |
| 008 - FIXED-LENGTH DATA ELEMENTS--GENERAL INFORMATION | |
| fixed length control field | 090218s19uu xx 00 eng d |
| 050 ## - LIBRARY OF CONGRESS CALL NUMBER | |
| Classification number | M 220.9 |
| Item number | L33 1998 |
| 100 ## - MAIN ENTRY--PERSONAL NAME | |
| Personal name | Lashbrook, Marilyn |
| 245 ## - TITLE STATEMENT | |
| Title | Faith to fight! : |
| Remainder of title | the story of Caleb. |
| 650 ## - SUBJECT ADDED ENTRY--TOPICAL TERM | |
| Topical term or geographic name as entry element | Bible stories, O.T. |
| Withdrawn status | Lost status | Damaged status | Home library | Current library | Shelving location | Date acquired | Total Checkouts | Full call number | Barcode | Date last seen | Price effective from | Koha item type |
|---|---|---|---|---|---|---|---|---|---|---|---|---|
| Munich Library | Munich Library | Main Section | 02/18/2009 | M 220.9 L33 1998 | M0105 | 04/14/2014 | 04/14/2014 | Books |